It looks like you're offline.
Open Library logo
additional options menu

MARC record from Internet Archive

LEADER: 03317cam a2200709 | 4500
001 199889
008 072980m19399999nyu 0 eng c
035 $aocm00592765
040 $beng
045 $aw7x5
049 $aaeu$beng
050 0 $aPE 1121$bG25
090 00 $aPE 1121 G25$bAEU
100 1 $aGates, Arthur I.$q(Arthur Irving),$d1890-1972.
245 14 $aThe new work-play books$c[by] Arthur I. Gates, Miriam Blanton Huber [and] Celeste Comegys Peardon.
260 $a[New York]$bMacmillan$c[1939-
300 $av.$bill.$c21 cm.
336 $atext$btxt$2rdacontent
337 $aunmediated$bn$2rdamedia
338 $avolume$bnc$2rdacarrier
500 $a4th-6th readers by A. I. Gates and Jean Ayer.
500 $aA revision of the work-play books, by A. I. Gates and others.
500 $aAccompanied by Preparatory books, General manual and Manuals.
500 $aReaders accompanied by Supplements [suppl.].
505 1 $a[v.1]--1st reader. Down our street.--2d reader. [v.2] We grow up.--3d reader [v.3] Wide wings.--4th reader [v.4] Let's look around.--5th reader [v.5] Let's travel on.--6th reader [v.6] Let's go ahead.
596 $a38
650 0 $aReaders.
650 0 $aReading (Elementary)
650 0 $aReaders (Primary)
700 1 $aHuber, Miriam Blanton,$d1889-
700 1 $aPeardon, Celeste Comegys.
700 1 $aAyer, Jean Y.,$eauthor.
740 0 $aDown our street.
740 0 $aWe grow up.
740 0 $aWide wings.
740 0 $aLet's look around.
740 0 $aLet's travel on.
740 0 $aLet's go ahead.
926 $aUARCRF$bLIBUSE$cPE 1121 G25 gen.man.$dBOOK$e1/31/2019$f1
926 $aUARCRF$bLIBUSE$cPE 1121 G25 preprim. man.$dBOOK$e1/31/2019$f1
926 $aUARCRF$bLIBUSE$cPE 1121 G25 preprim. prep.bk.$dBOOK$e1/31/2019$f1
926 $aUARCRF$bLIBUSE$cPE 1121 G25 prerdg. man.$dBOOK$e1/31/2019$f1
926 $aUARCRF$bLIBUSE$cPE 1121 G25 prim$dBOOK$e1/31/2019$f2
926 $aUARCRF$bLIBUSE$cPE 1121 G25 prim. man.$dBOOK$e1/31/2019$f1
926 $aUARCRF$bLIBUSE$cPE 1121 G25 prim. prep.bk.$dBOOK$e1/31/2019$f1
926 $aUARCRF$bLIBUSE$cPE 1121 G25 v.1$dBOOK$e1/31/2019$f1
926 $aUARCRF$bLIBUSE$cPE 1121 G25 v.1 man.$dBOOK$e1/31/2019$f1
926 $aUARCRF$bLIBUSE$cPE 1121 G25 v.1 prep.bk.$dBOOK$e1/31/2019$f1
926 $aUARCRF$bLIBUSE$cPE 1121 G25 v.2$dBOOK$e1/31/2019$f1
926 $aUARCRF$bLIBUSE$cPE 1121 G25 v.2 man.$dBOOK$e1/31/2019$f1
926 $aUARCRF$bLIBUSE$cPE 1121 G25 v.2 prep.bk.$dBOOK$e1/31/2019$f1
926 $aUARCRF$bLIBUSE$cPE 1121 G25 v.2 suppl$dBOOK$e1/31/2019$f1
926 $aUARCRF$bLIBUSE$cPE 1121 G25 v.3$dBOOK$e1/31/2019$f1
926 $aUARCRF$bLIBUSE$cPE 1121 G25 v.3 man.$dBOOK$e1/31/2019$f1
926 $aUARCRF$bLIBUSE$cPE 1121 G25 v.3 prep.bk.$dBOOK$e1/31/2019$f1
926 $aUARCRF$bLIBUSE$cPE 1121 G25 v.4$dBOOK$e1/31/2019$f1
926 $aUARCRF$bLIBUSE$cPE 1121 G25 v.4 man.$dBOOK$e1/31/2019$f1
926 $aUARCRF$bLIBUSE$cPE 1121 G25 v.4 prep.bk.$dBOOK$e1/31/2019$f2
926 $aUARCRF$bLIBUSE$cPE 1121 G25 v.5$dBOOK$e1/31/2019$f1
926 $aUARCRF$bLIBUSE$cPE 1121 G25 v.5 man.$dBOOK$e1/31/2019$f1
926 $aUARCRF$bLIBUSE$cPE 1121 G25 v.6$dBOOK$e1/31/2019$f1
926 $aUARCRF$bLIBUSE$cPE 1121 G25 v.6 man.$dBOOK$e1/31/2019$f1